LEADER 01360nam a2200313 a 4500 001 000000171449 003 CaOOAMICUS 005 20190131170928.0 008 190131s2018 it u001 u ita r 020 $a978-88-399-0490-4* 032 $aLibriCat 040 $aPUL$bita 100 1 $aPitta, Antonio,$d1959-$0(OLS)http://pul/name/8770 245 10$aGiustificati per grazia :$bla giustificazione nelle lettere di Paolo /$cAntonio Pitta. 260 $aBrescia :$bQueriniana,$cİ2018. 300 $a233 p. ;$c23 cm. 490 1 $aBiblioteca di teologia contemporanea ;$v190 504 $aBibliografia in nota e alle pagine 209-222. 630 04$aBiblia.$pN.T.$pPauli epistolae$xCommenti.$0(OLS)http://pul/subject/37970 650 4$aGiustificazione per fede.$0(OLS)http://pul/subject/5011 830 0$aBiblioteca di teologia contemporanea ;$v190.$0(OLS)http://pul/title/7472 850 $aPUL 852 $aPUL$W1$xSL Religione 3$y85$m200 BTC 1.190$j195140$qDDC 21$B200043$CPULBib$Z2$F200043 $H132196 $82 941 1 $a9 983 0$aBTC. 996 $6020$a978-88-399-0490-4*$9(OLS)http://pul/number/165704 996 $6245$aGiustificati per grazia :$bla giustificazione nelle lettere di Paolo$9(OLS)http://pul/title/212249 996 $6260$aBrescia :$bQueriniana$9(OLS)http://pul/publisher/47906 LEADER 01975nam a2200397 a 4500 001 000000122543 003 CaOOAMICUS 005 20100719145927.0 008 100719t2010 it d u000 u ita r 040 $aPUL$bita$dReb 041 1 $aita$hger 082 04$a180 100 1 $aAdorno, Theodor Wiesengrund,$d1903-1969.$0(OLS)http://pul/name/506 245 10$aAdorno. 260 $aMilano :$bMondadori,$cİ2010. 300 $a711 p. ;$c18 cm. 490 1 $aI classici collezione del pensiero ;$v116 504 $aInclude riferimenti bibliografici ed indice. 505 0 $aCronologia di Adorno ; Metafisica : concetto e problemi / a cura di Rolf Tiedemann ; edizione italiana a cura di Stefano Petrucciani. -- Teoria estetica / nuova edizione italiana a cura di Fabrizio Desideri e Giovanni Matteucci. 700 1 $aMatteucci, Giovanni,$csac.$0(OLS)http://pul/name/18123 700 1 $aDesideri, Fabrizio.$0(OLS)http://pul/name/40152 700 1 $aPetrucciani, Stefano,$d1953-$0(OLS)http://pul/name/40954 700 1 $aTiedemann, Rolf.$0(OLS)http://pul/name/71344 700 1 $aAdorno, Theodor Wiesengrund,$d1903-1969$tMetaphysik : begriff und probleme.$0(OLS)http://pul/name/76939 700 1 $aAdorno, Theodor Wiesengrund,$d1903-1969$tAstetische theorie.$0(OLS)http://pul/name/76940 740 02$aMetafisica : concetto e problemi. 740 02$aTeoria estetica. 830 2$aI classici del pensiero (Mondadori) ;$v116.$0(OLS)http://pul/title/140256 850 $aPUL 852 $aPUL$W1$xSL Filosofia 3$y81$m180 COLL 1.116$j140744$qDDC 21$B139832$CPULBib$Z2$F139832 $H114373 $82 941 1 $a9 996 $6082$a180$9(OLS)http://pul/classification/366 996 $6740$aTeoria estetica$9(OLS)http://pul/title/154411 996 $6740$aMetafisica : concetto e problemi$9(OLS)http://pul/title/154410 996 $6245$aAdorno$9(OLS)http://pul/title/154407 996 $6260$aMilano :$bMondadori$9(OLS)http://pul/publisher/50297